Catálogo

EL ABC DEL ALUMBRADO Y LAS INTALACIONES ELECTRICAS : (Registro nro. 12958)

Detalles MARC
000 -LEADER
fixed length control field 00517nam a2200181 a 4500
001 - CONTROL NUMBER
control field 12958
005 - DATE AND TIME OF LATEST TRANSACTION
control field 20180713201301.0
008 - FIXED-LENGTH DATA ELEMENTS--GENERAL INFORMATION
fixed length control field 140415s1994 mx 000 0 spa d
020 ## - INTERNATIONAL STANDARD BOOK NUMBER
International Standard Book Number 9681825659
041 ## - LANGUAGE CODE
Language code of text/sound track or separate title spa
082 ## - DEWEY DECIMAL CLASSIFICATION NUMBER
Classification number 621.32
Item number ENR
100 1# - MAIN ENTRY--PERSONAL NAME
Personal name Enríquez Harper, Gilberto,.
245 13 - TITLE STATEMENT
Title EL ABC DEL ALUMBRADO Y LAS INTALACIONES ELECTRICAS :
Remainder of title EN BAJA TENSION
250 ## - EDITION STATEMENT
Edition statement 1a ed.
260 ## - PUBLICATION, DISTRIBUTION, ETC.
Place of publication, distribution, etc. MEXICO :
Name of publisher, distributor, etc. LIMUSA,
Date of publication, distribution, etc. 1994
300 ## - PHYSICAL DESCRIPTION
Extent 357
650 14 - SUBJECT ADDED ENTRY--TOPICAL TERM
Topical term or geographic name entry element INSTALACIONES ELECTRICAS INTERIORES
Existencias
Withdrawn status Lost status Source of classification or shelving scheme Damaged status Not for loan Collection code Home library Current library Shelving location Date acquired Source of acquisition Inventory number Total Checkouts Total Renewals Full call number Barcode Date last seen Date last checked out Price effective from Koha item type
    Dewey Decimal Classification     General Biblioteca Karol Wojtyla Biblioteca Karol Wojtyla Sala general 03/12/2013 Compra 151000000000000000004787 1 1 621.32 ENR 53205 05/01/2026 28/03/2019 03/12/2013 Libro
    Dewey Decimal Classification     General Biblioteca Karol Wojtyla Biblioteca Karol Wojtyla Sala general 03/12/2013 Compra 151000000000000000004786     621.32 ENR 29667 05/01/2026   03/12/2013 Libro